Lexique français-latin (Record no. 145088)
[ view plain ]
| 000 -LEADER | |
|---|---|
| campo de control de longitud fija | 00822nam a2200229 i 4500 |
| 001 - NÚMERO DE CONTROL | |
| campo de control | 145088 |
| 003 - IDENTIFICADOR DE NÚMERO DE CONTROL | |
| campo de control | ES-MaACL |
| 005 - FECHA Y HORA DE LA ÚLTIMA TRANSACCIÓN | |
| campo de control | 20250810092542.0 |
| 007 - CAMPO FIJO DE DESCRIPCIÓN FÍSICA--INFORMACIÓN GENERAL | |
| campo de control de longitud fija | t| |
| 008 - DATOS DE LONGITUD FIJA--INFORMACIÓN GENERAL | |
| campo de control de longitud fija | 070214s1931 fr r ||||1| fre d |
| 100 1# - ENTRADA PRINCIPAL--NOMBRE DE PERSONA | |
| Nombre de persona | Sommer, Edouard. |
| 9 (RLIN) | 107269 |
| 245 10 - MENCIÓN DEL TÍTULO | |
| Título | Lexique français-latin |
| Resto del título | : extrait du Dictionnaire français-latin de L. Quicherat / |
| Mención de responsabilidad, etc. | E. Sommer ; revue et completé par Emile Chatelain. |
| 250 ## - MENCION DE EDICION | |
| Mención de edición | 41ème éd. |
| 260 ## - PUBLICACIÓN, DISTRIBUCIÓN, ETC. | |
| Lugar de publicación, distribución, etc. | Paris : |
| Nombre del editor, distribuidor, etc. | Hachette, |
| Fecha de publicación, distribución, etc. | 1931 ( |
| Lugar de fabricación/manufactura | Saint-Denis : |
| Fabricante | J. Dardaillou) |
| 300 ## - DESCRIPCIÓN FÍSICA | |
| Extensión | 512 p. ; |
| Dimensiones | 22 cm. |
| 650 04 - PUNTO DE ACCESO ADICIONAL DE MATERIA--TÉRMINO DE MATERIA | |
| Término de materia o nombre geográfico como elemento de entrada | Lengua latina- |
| Subdivisión de forma | Diccionarios- |
| Subdivisión general | Francés. |
| 9 (RLIN) | 14296 |
| 650 #4 - PUNTO DE ACCESO ADICIONAL DE MATERIA--TÉRMINO DE MATERIA | |
| Término de materia o nombre geográfico como elemento de entrada | Lengua francesa- |
| Subdivisión de forma | Diccionarios- |
| Subdivisión general | Latín. |
| 9 (RLIN) | 14212 |
| 700 1# - ENTRADA AGREGADA--NOMBRE PERSONAL | |
| Nombre de persona | Quicherat, Louis-Marie, |
| Fechas asociadas al nombre | 1799-1884 |
| 9 (RLIN) | 94607 |
| 700 1# - ENTRADA AGREGADA--NOMBRE PERSONAL | |
| Nombre de persona | Chatelain, Emile. |
| 9 (RLIN) | 38182 |
| 852 ## - LOCALIZACIÓN | |
| Ubicación | ES-MaACL |
| Número de control de estantería | A-1208 |
| Estatus retirado | Estado de pérdida | Estado de daño | No para préstamo | Biblioteca de origen | Biblioteca actual | Ubicación en estantería | Fecha de adquisición | Fuente de adquisición | Total de préstamos | Signatura topográfica completa | Código de barras | Visto por última vez | Precio de reemplazo | Tipo de ítem Koha |
|---|---|---|---|---|---|---|---|---|---|---|---|---|---|---|
| Biblioteca del Ateneo de Madrid | Biblioteca del Ateneo de Madrid | Sala Pecera Planta 1 | 17/01/2008 | A-1208 | 1151450 | 23/02/2023 | 23/02/2023 | Libro impreso |
